Central Library and Information Centre
Sibsagar Girls' College, Sivasagar : Assam

CHAND SCHOOL ATLAS (Record no. 5701)

MARC details
000 -LEADER
fixed length control field 00426cam a2200181ua 4500
008 - FIXED-LENGTH DATA ELEMENTS--GENERAL INFORMATION
fixed length control field 120215n1994 II |||gr||||Z||||||eng
040 ## - CATALOGING SOURCE
Original cataloging agency MAIN
041 ## - LANGUAGE CODE
-- English
082 ## - DEWEY DECIMAL CLASSIFICATION NUMBER
Classification number 912 KAP
100 ## - MAIN ENTRY--PERSONAL NAME
Personal name KAPOOR, A. N.
245 ## - TITLE STATEMENT
Title CHAND SCHOOL ATLAS
260 ## - PUBLICATION, DISTRIBUTION, ETC.
Place of publication, distribution, etc. NEW DELHI
Name of publisher, distributor, etc. S.CHAND & COMPANY
Date of publication, distribution, etc. 1994
300 ## - PHYSICAL DESCRIPTION
Extent 73:
Dimensions 20CM.
700 ## - ADDED ENTRY--PERSONAL NAME
Personal name JAIN, R. K.
942 ## - ADDED ENTRY ELEMENTS (KOHA)
Koha item type Books
653 ## - INDEX TERM--UNCONTROLLED
Uncontrolled term Atlases, maps, charts & plans
Holdings
Withdrawn status Lost status Damaged status Not for loan Collection code Home library Current library Shelving location Date acquired Full call number Barcode Date last seen Copy number Price effective from Koha item type
        REFGEO Central Library and Information Centre Sibsagar Girls College Central Library and Information Centre Sibsagar Girls College Geography Rack 19.06.1995 912 KAP 13821 27.02.2020 1 27.02.2020 Books
        REFGEO Central Library and Information Centre Sibsagar Girls College Central Library and Information Centre Sibsagar Girls College Geography Rack 19.06.1995 912 KAP 13822 27.02.2020 2 27.02.2020 Books
        REFGEO Central Library and Information Centre Sibsagar Girls College Central Library and Information Centre Sibsagar Girls College Geography Rack 19.06.1995 912 KAP 13823 27.02.2020 3 27.02.2020 Books


Sibsagar Girl's College © 2020. All rights reserved.
Powered by Koha.
Maintained by Abhijit Borpuzari.